[Event "ITA-ch Seniors 35th"]
[Site "Arco"]
[Date "2013.04.20"]
[Round "9"]
[White "Albano, Marco"]
[Black "Rosino, Antonio"]
[Result "1-0"]
[WhiteElo "2235"]
[BlackElo "2178"]
[PlyCount "135"]
[EventDate "2013.04.12"]
[EventType "swiss"]
[EventRounds "9"]
[EventCountry "ITA"]
[SourceTitle "CBM 154 Extra"]
[Source "ChessBase"]
[SourceDate "2013.06.25"]
[SourceVersion "2"]
[SourceVersionDate "2013.06.25"]
[SourceQuality "1"]

1. e4 e5 2. Nf3 Nc6 3. Bc4 Bc5 4. 0-0 Nf6 5. d3 d6 6. c3 a6 7. Bb3 Ba7 8. Nbd2 0-0 9. Nc4 Be6 10. Bg5 h6 11. Bh4 g5 12. Nxg5 hxg5 13. Bxg5 Bxc4 14. Bxc4 Kg7 15. Qf3 Na5 16. Bb3 Nxb3 17. axb3 Qe7 18. d4 exd4 19. Ra5 c5 20. cxd4 Bb6 21. Ra3 cxd4 22. b4 Qe6 23. Qf4 Nh5 24. Qh4 Rh8 25. Rh3 f6 26. Bd2 Kf7 27. f4 Ng7 28. f5 Qe7 29. Qg4 Rxh3 30. gxh3 Rg8 31. Kh1 Ke8 32. Rc1 Kd7 33. Bh6 d3 34. Qf3 Ne8 35. Qxd3 Qe5 36. Qc4 d5 37. Rd1 Nd6 38. Qxd5 Qxd5 39. exd5 Nxf5 40. Bf4 Re8 41. Rf1 Bd4 42. Bg3 Ne3 43. Rf2 Re4 44. h4 Nxd5 45. Rd2 Nxb4 46. h5 Nc6 47. h6 Kc8 48. Bf2 Bxf2 49. Rxf2 Rh4 50. Rxf6 Kd7 51. Kg2 Ne7 52. h3 Rh5 53. Kh2 a5 54. b3 b5 55. Kg2 b4 56. Kh2 Nc6 57. Kg3 Rg5+ 58. Kh4 Rg8 59. Kh5 Ne5 60. h7 Rh8 61. Kh6 Ke7 62. Ra6 Kf7 63. Rxa5 Rc8 64. Rxe5 Rc6+ 65. Kh5 Kg7 66. Rb5 Rc3 67. h4 Kxh7 68. Rxb4 1-0

[Event "ITA-ch Seniors 35th"]
[Site "Arco"]
[Date "2013.04.17"]
[Round "6"]
[White "Barlocco, Carlo"]
[Black "Rosino, Antonio"]
[Result "1/2-1/2"]
[WhiteElo "2094"]
[BlackElo "2178"]
[PlyCount "50"]
[EventDate "2013.04.12"]
[EventType "swiss"]
[EventRounds "9"]
[EventCountry "ITA"]
[SourceTitle "CBM 154 Extra"]
[Source "ChessBase"]
[SourceDate "2013.06.25"]
[SourceVersion "2"]
[SourceVersionDate "2013.06.25"]
[SourceQuality "1"]

1. e4 e5 2. Nf3 Nc6 3. Nc3 Nf6 4. Bc4 Nxe4 5. Nxe4 d5 6. Bd3 dxe4 7. Bxe4 Bd6 8. 0-0 0-0 9. Re1 Qf6 10. c3 Bf5 11. Qc2 Bg6 12. d4 exd4 13. Bg5 Bxe4 14. Qxe4 Qg6 15. Qxg6 hxg6 16. cxd4 f6 17. Be3 Nb4 18. Re2 Rfe8 19. a3 Nd5 20. Rae1 Re7 21. Bd2 Rae8 22. Kf1 Kf7 23. Rxe7+ Rxe7 24. Rxe7+ Nxe7 25. Ke2 Ke6 1/2-1/2

[Event "ITA-ch Seniors 35th"]
[Site "Arco"]
[Date "2013.04.14"]
[Round "3"]
[White "Rosino, Antonio"]
[Black "Guaglianone, Mario"]
[Result "1/2-1/2"]
[WhiteElo "2178"]
[BlackElo "1986"]
[PlyCount "73"]
[EventDate "2013.04.12"]
[EventType "swiss"]
[EventRounds "9"]
[EventCountry "ITA"]
[SourceTitle "CBM 154 Extra"]
[Source "ChessBase"]
[SourceDate "2013.06.25"]
[SourceVersion "2"]
[SourceVersionDate "2013.06.25"]
[SourceQuality "1"]

1. e4 g6 2. d4 Bg7 3. Nc3 d6 4. f4 b6 5. Nf3 e6 6. Bd3 Ne7 7. Be3 a6 8. 0-0 Nd7 9. Qd2 Nf6 10. Kh1 Ng4 11. Bg1 f5 12. h3 Nh6 13. Rae1 0-0 14. e5 d5 15. Ne2 Nf7 16. b3 Qd7 17. c4 Bb7 18. c5 a5 19. Nc3 Ba6 20. Bxa6 Rxa6 21. Qd3 Raa8 22. Rc1 bxc5 23. dxc5 Nc6 24. Ne2 Rfb8 25. a3 Nfd8 26. Be3 Rb7 27. Rb1 Rab8 28. Rb2 Bf8 29. Rc1 Rb5 30. Qd1 h6 31. Nc3 R5b7 32. Na4 Be7 33. Rcb1 Kf7 34. h4 h5 35. g3 Na7 36. Qd2 Ndc6 37. Nc3 1/2-1/2

[Event "ITA-ch Seniors 35th"]
[Site "Arco"]
[Date "2013.04.12"]
[Round "1"]
[White "Rosino, Antonio"]
[Black "Spano Cuomo, Gaetano"]
[Result "1-0"]
[WhiteElo "2178"]
[BlackElo "1797"]
[PlyCount "41"]
[EventDate "2013.04.12"]
[EventType "swiss"]
[EventRounds "9"]
[EventCountry "ITA"]
[SourceTitle "CBM 154 Extra"]
[Source "ChessBase"]
[SourceDate "2013.06.25"]
[SourceVersion "2"]
[SourceVersionDate "2013.06.25"]
[SourceQuality "1"]

1. e4 c5 2. c3 d6 3. d4 Bd7 4. Nf3 g6 5. Bc4 Bg7 6. 0-0 e6 7. Re1 Ne7 8. Bf4 Qb6 9. Qe2 0-0 10. dxc5 dxc5 11. Na3 Nbc6 12. Rad1 Rad8 13. Bd6 Rfe8 14. Nb5 Rc8 15. Bg3 Red8 16. Nd6 Ra8 17. Ng5 Be8 18. Qf3 Ne5 19. Bxe5 Bxe5 20. Nxe8 Rxe8 21. Qxf7+ 1-0

[Event "EU-ch Seniors 12th"]
[Site "Kaunas"]
[Date "2012.08.26"]
[Round "9"]
[White "Rosino, Antonio"]
[Black "Theting, Helge E"]
[Result "1-0"]
[WhiteElo "2189"]
[BlackElo "2010"]
[PlyCount "67"]
[EventDate "2012.08.18"]
[EventType "swiss"]
[EventRounds "9"]
[EventCountry "LTU"]
[SourceTitle "CBM 150 Extra"]
[Source "ChessBase"]
[SourceDate "2012.10.19"]
[SourceVersion "1"]
[SourceVersionDate "2012.10.19"]
[SourceQuality "1"]

1. e4 g6 2. d4 Bg7 3. Nc3 d6 4. f4 Nd7 5. Nf3 e6 6. Bd3 Ne7 7. 0-0 b6 8. Be3 Bb7 9. Qd2 Nf6 10. h3 c5 11. f5 exf5 12. exf5 0-0 13. Bh6 Rc8 14. Bxg7 Kxg7 15. fxg6 fxg6 16. Ng5 Qd7 17. Rae1 Kh8 18. Ne6 Rf7 19. Qg5 Neg8 20. Bb5 Bc6 21. Bxc6 Rxc6 22. d5 Rc8 23. Rf4 Nh5 24. Rxf7 Qxf7 25. Ne4 h6 26. Nxd6 hxg5 27. Nxf7+ Kh7 28. Nfxg5+ Kh6 29. Nf7+ Kh7 30. d6 Ngf6 31. Ne5 Re8 32. d7 Nxd7 33. Nxd7 Kg8 34. g4 1-0

[Event "EU-ch Seniors 12th"]
[Site "Kaunas"]
[Date "2012.08.24"]
[Round "7"]
[White "Rosino, Antonio"]
[Black "Sollid, Stein"]
[Result "1-0"]
[WhiteElo "2189"]
[BlackElo "2026"]
[PlyCount "115"]
[EventDate "2012.08.18"]
[EventType "swiss"]
[EventRounds "9"]
[EventCountry "LTU"]
[SourceTitle "CBM 150 Extra"]
[Source "ChessBase"]
[SourceDate "2012.10.19"]
[SourceVersion "1"]
[SourceVersionDate "2012.10.19"]
[SourceQuality "1"]

1. e4 e5 2. Nc3 Bc5 3. Nf3 d6 4. d4 exd4 5. Nxd4 Nc6 6. Be3 Bb6 7. Bc4 Nf6 8. Nxc6 bxc6 9. Bg5 0-0 10. Qf3 Bd4 11. 0-0 Re8 12. Rfe1 Be6 13. Bd3 Rb8 14. Rab1 h6 15. Bd2 Ng4 16. Re2 Nxh2 17. Kxh2 Qh4+ 18. Kg1 Bg4 19. Qf4 g5 20. Qh2 Qxh2+ 21. Kxh2 Bxc3 22. Bxc3 Bxe2 23. Bxe2 Rxe4 24. Bd3 Re6 25. g4 d5 26. Bf5 Re2 27. Kg3 c5 28. Kf3 Rbe8 29. Rh1 d4 30. Ba5 Kg7 31. Bxc7 Re1 32. Rxe1 Rxe1 33. Bd6 c4 34. Bc5 f6 35. Bxd4 a6 36. Bc8 a5 37. Ba6 Rc1 38. Bxc4 Rxc2 39. Bc3 a4 40. a3 Rc1 41. Bb5 Rh1 42. Bxa4 h5 43. gxh5 Rxh5 44. Bc2 Kf7 45. a4 Ke6 46. a5 Rh1 47. a6 f5 48. Bd4 Ra1 49. Bb3+ Kd6 50. Bc4 Kc6 51. a7 Ra5 52. Be6 Kb7 53. b4 Ra3+ 54. Kg2 Kc6 55. Bxf5 Kd5 56. Bc5 Kc4 57. Be4 Rxa7 58. Bxa7 1-0

[Event "EU-ch Seniors 12th"]
[Site "Kaunas"]
[Date "2012.08.19"]
[Round "2"]
[White "Butnorius, Algimantas"]
[Black "Rosino, Antonio"]
[Result "1-0"]
[WhiteElo "2388"]
[BlackElo "2189"]
[PlyCount "63"]
[EventDate "2012.08.18"]
[EventType "swiss"]
[EventRounds "9"]
[EventCountry "LTU"]
[SourceTitle "CBM 150 Extra"]
[Source "ChessBase"]
[SourceDate "2012.10.19"]
[SourceVersion "1"]
[SourceVersionDate "2012.10.19"]
[SourceQuality "1"]

1. Nf3 Nf6 2. c4 g6 3. Nc3 d5 4. cxd5 Nxd5 5. Qa4+ Nc6 6. Ne5 Nb6 7. Nxc6 Nxa4 8. Nxd8 Nxc3 9. Nxf7 Kxf7 10. dxc3 Bg7 11. e4 Be6 12. Be2 Rhd8 13. f4 Kg8 14. 0-0 c5 15. Be3 b6 16. Rfd1 Rxd1+ 17. Bxd1 Rd8 18. Bb3 Bxb3 19. axb3 Rd7 20. Kf2 e6 21. g4 Kf7 22. Kf3 Bf8 23. e5 Bh6 24. Ke4 Ke8 25. h4 Kf7 26. h5 Bg7 27. hxg6+ hxg6 28. f5 gxf5+ 29. gxf5 exf5+ 30. Kxf5 Re7 31. Bf4 a5 32. Rd1 1-0

[Event "EU-ch Seniors 12th"]
[Site "Kaunas"]
[Date "2012.08.18"]
[Round "1"]
[White "Rosino, Antonio"]
[Black "Janulynas, Jonas"]
[Result "1-0"]
[WhiteElo "2189"]
[BlackElo "1805"]
[PlyCount "121"]
[EventDate "2012.08.18"]
[EventType "swiss"]
[EventRounds "9"]
[EventCountry "LTU"]
[SourceTitle "CBM 150 Extra"]
[Source "ChessBase"]
[SourceDate "2012.10.19"]
[SourceVersion "1"]
[SourceVersionDate "2012.10.19"]
[SourceQuality "1"]

1. e4 e5 2. Nf3 Nc6 3. Nc3 Nf6 4. Bb5 Nd4 5. Ba4 Bc5 6. Nxe5 Qe7 7. Nd3 Nxe4 8. 0-0 Nxc3 9. dxc3 Ne6 10. Nxc5 Nxc5 11. Re1 Ne6 12. f4 0-0 13. Be3 Qh4 14. g3 Qf6 15. c4 d6 16. c3 Rd8 17. Bc2 g6 18. f5 gxf5 19. Rf1 Ng7 20. Qd2 Re8 21. Rf2 Bd7 22. Raf1 Qg6 23. Bd4 Re7 24. Bxg7 Kxg7 25. Bxf5 Bxf5 26. Rxf5 h6 27. Qd4+ Kh7 28. Rf6 Qh5 29. R6f5 Qg6 30. Qd5 Kg8 31. Qxb7 Rae8 32. Qd5 Qe6 33. Qd4 Rf8 34. Rf6 Qe3+ 35. Qxe3 Rxe3 36. Rxh6 Re2 37. Rf2 Re4 38. Rh5 Rxc4 39. Rg5+ Kh7 40. Ra5 Rb8 41. Rxf7+ Kg6 42. Rf2 Rb7 43. h4 c6 44. Rg5+ Kh7 45. Rgf5 Rg7 46. Rf7 Re4 47. Rxg7+ Kxg7 48. Rd2 Re6 49. Kf2 Kg6 50. g4 a5 51. Rd4 Kh6 52. Kf3 Kg6 53. Re4 Rf6+ 54. Rf4 Re6 55. g5 d5 56. Rf6+ Rxf6+ 57. gxf6 Kxf6 58. b4 axb4 59. cxb4 Ke5 60. a4 Kd4 61. h5 1-0

[Event "EU-chT Seniors"]
[Site "Rogaska Slatina"]
[Date "2012.04.02"]
[Round "7.6"]
[White "Rosino, Antonio"]
[Black "Sanz Bastos, Fernando"]
[Result "1/2-1/2"]
[WhiteElo "2234"]
[BlackElo "2058"]
[PlyCount "42"]
[EventDate "2012.03.27"]
[EventType "team-swiss"]
[EventRounds "9"]
[EventCountry "SLO"]
[SourceTitle "CBM 147 Extra"]
[Source "ChessBase"]
[SourceDate "2012.04.24"]
[SourceVersion "1"]
[SourceVersionDate "2012.04.24"]
[SourceQuality "1"]
[WhiteTeam "Italy (Seniors)"]
[BlackTeam "Catalunya (Seniors)"]
[WhiteTeamCountry "ITA"]
[BlackTeamCountry "ESP"]

1. e4 e5 2. Nf3 Nc6 3. Bb5 a6 4. Ba4 d6 5. c3 Bd7 6. d4 Nge7 7. Be3 Ng6 8. h4 Be7 9. h5 Nf4 10. Bxf4 exf4 11. Qd2 b5 12. Bc2 Bf6 13. Qxf4 Qe7 14. Nbd2 0-0-0 15. b4 g5 16. Qe3 g4 17. Ng1 Bg5 18. Qd3 f5 19. Ne2 Rhf8 20. 0-0 f4 21. a4 Nb8 1/2-1/2

[Event "EU-chT Seniors"]
[Site "Rogaska Slatina"]
[Date "2012.03.30"]
[Round "4.3"]
[White "Golcman, Evgeny"]
[Black "Rosino, Antonio"]
[Result "1/2-1/2"]
[WhiteElo "2285"]
[BlackElo "2234"]
[PlyCount "38"]
[EventDate "2012.03.27"]
[EventType "team-swiss"]
[EventRounds "9"]
[EventCountry "SLO"]
[SourceTitle "CBM 147 Extra"]
[Source "ChessBase"]
[SourceDate "2012.04.24"]
[SourceVersion "1"]
[SourceVersionDate "2012.04.24"]
[SourceQuality "1"]
[WhiteTeam "St Petersburg (Seniors)"]
[BlackTeam "Italy (Seniors)"]
[WhiteTeamCountry "RUS"]
[BlackTeamCountry "ITA"]

1. c4 Nf6 2. Nc3 d5 3. cxd5 Nxd5 4. Nf3 g6 5. g3 Bg7 6. Bg2 0-0 7. 0-0 Nc6 8. Qb3 Nb6 9. d3 e5 10. Re1 Be6 11. Qd1 h6 12. Bd2 Nd4 13. Qc1 Kh7 14. Ne4 Bd5 15. Nxd4 exd4 16. Bf4 Rc8 17. Nc5 Bxg2 18. Kxg2 Qd5+ 19. Kg1 Nd7 1/2-1/2

[Event "Wch Seniors 21st"]
[Site "Rijeka"]
[Date "2011.11.26"]
[Round "11"]
[White "Pushkov, Nikolai"]
[Black "Rosino, Antonio"]
[Result "1-0"]
[WhiteElo "2395"]
[BlackElo "2231"]
[PlyCount "35"]
[EventDate "2011.11.15"]
[EventType "swiss"]
[EventRounds "11"]
[EventCountry "CRO"]
[SourceTitle "CBM 145 Extra"]
[Source "ChessBase"]
[SourceDate "2012.01.03"]
[SourceVersion "1"]
[SourceVersionDate "2012.01.03"]
[SourceQuality "1"]

1. c4 Nf6 2. Nf3 g6 3. d4 Bg7 4. Nc3 d5 5. Bg5 Ne4 6. Bh4 Nxc3 7. bxc3 dxc4 8. e3 b5 9. Be2 Bb7 10. 0-0 Nd7 11. a4 a6 12. Qb1 Rb8 13. axb5 axb5 14. Qb4 Bc6 15. Ra6 Nb6 16. Ne5 Bd7 17. Bf3 Nc8 18. Nxd7 1-0

[Event "EU-chT Seniors"]
[Site "Thessaloniki"]
[Date "2011.05.05"]
[Round "3"]
[White "Rosino, Antonio"]
[Black "Woeber, Friedrich"]
[Result "1-0"]
[WhiteElo "2248"]
[BlackElo "2172"]
[PlyCount "63"]
[EventDate "2011.05.03"]
[EventType "team-swiss"]
[EventRounds "9"]
[EventCountry "GRE"]
[SourceTitle "CBM 142 Extra"]
[Source "ChessBase"]
[SourceDate "2011.06.27"]
[SourceVersion "1"]
[SourceVersionDate "2011.06.27"]
[SourceQuality "1"]
[WhiteTeam "Italy"]
[BlackTeam "Austria"]
[WhiteTeamCountry "ITA"]
[BlackTeamCountry "AUT"]

1. e4 c5 2. Nf3 e6 3. c3 d5 4. exd5 Qxd5 5. d4 Nf6 6. Na3 Nbd7 7. Nb5 Qc6 8. Bf4 Nd5 9. Bg3 a6 10. c4 axb5 11. cxd5 Qxd5 12. Bxb5 cxd4 13. a4 Bb4+ 14. Kf1 0-0 15. Qxd4 Qxb5+ 16. axb5 Rxa1+ 17. Ke2 Bc5 18. Rxa1 Bxd4 19. Nxd4 Nb6 20. Bc7 Nd5 21. b6 Bd7 22. Ra7 Bc8 23. Nb5 g5 24. Nd6 Bd7 25. Nxb7 Nf4+ 26. Bxf4 gxf4 27. Na5 Bb5+ 28. Ke1 Bd3 29. b7 Be4 30. f3 Bd5 31. b4 Rb8 32. b5 1-0

[Event "EU-ch Seniors 11th"]
[Site "Courmayeur"]
[Date "2011.04.13"]
[Round "8"]
[White "Khmiadashvili, Tamari"]
[Black "Rosino, Antonio"]
[Result "0-1"]
[WhiteElo "2194"]
[BlackElo "2233"]
[PlyCount "128"]
[EventDate "2011.04.06"]
[EventType "swiss"]
[EventRounds "9"]
[EventCountry "ITA"]
[SourceTitle "CBM 141 Extra"]
[Source "ChessBase"]
[SourceDate "2011.05.03"]
[SourceVersion "1"]
[SourceVersionDate "2011.05.03"]
[SourceQuality "1"]

1. Nf3 Nf6 2. b3 g6 3. Bb2 Bg7 4. e3 c5 5. d3 Nc6 6. Nbd2 d5 7. Ne5 Qc7 8. Nxc6 Qxc6 9. Be2 Qc7 10. c4 Be6 11. cxd5 Bxd5 12. e4 Bc6 13. Qc2 b6 14. d4 0-0 15. d5 Bb7 16. 0-0 Nd7 17. Bxg7 Kxg7 18. Qc3+ Qe5 19. Qxe5+ Nxe5 20. f4 Nd7 21. Bf3 e5 22. dxe6 fxe6 23. e5 Bxf3 24. Rxf3 Rad8 25. Ne4 Nb8 26. Nd6 Nc6 27. Re1 Nd4 28. Rf2 Nf5 29. Ne4 Rd3 30. g3 h6 31. Kg2 Rfd8 32. Rf3 Kf8 33. Rxd3 Rxd3 34. Re2 Ke7 35. Nf2 Rd8 36. g4 Nd4 37. Rb2 Rf8 38. Nh3 Kd7 39. Rd2 Kc6 40. Kg3 Kd5 41. g5 h5 42. Nf2 Rc8 43. f5 exf5 44. Kf4 Re8 45. Nd3 Ne6+ 46. Ke3 Nxg5 47. Rg2 f4+ 48. Kxf4 Ne6+ 49. Ke3 g5 50. Rd2 h4 51. h3 Rg8 52. Kf3 Nd4+ 53. Kg4 Ke4 54. Rd1 Nc6 55. e6 Re8 56. Kxg5 Nd4 57. e7 Nc6 58. Kxh4 Rxe7 59. Nb2 Ne5 60. Re1+ Kf5 61. Kg3 Rd7 62. h4 Rg7+ 63. Kh3 Kf4 64. Nc4 Rg3+ 0-1

[Event "EU-ch Seniors 11th"]
[Site "Courmayeur"]
[Date "2011.04.10"]
[Round "5"]
[White "Rosino, Antonio"]
[Black "Chireykina, Natalia"]
[Result "1-0"]
[WhiteElo "2233"]
[BlackElo "1831"]
[PlyCount "109"]
[EventDate "2011.04.06"]
[EventType "swiss"]
[EventRounds "9"]
[EventCountry "ITA"]
[SourceTitle "CBM 141 Extra"]
[Source "ChessBase"]
[SourceDate "2011.05.03"]
[SourceVersion "1"]
[SourceVersionDate "2011.05.03"]
[SourceQuality "1"]

1. e4 c5 2. c3 Nf6 3. e5 Nd5 4. d4 cxd4 5. Nf3 Nc6 6. Bc4 Nb6 7. Bb3 d6 8. exd6 Qxd6 9. Na3 a6 10. cxd4 Bg4 11. Bxf7+ Kxf7 12. Ng5+ Kg8 13. Qxg4 h5 14. Qe6+ Qxe6+ 15. Nxe6 Kf7 16. Ng5+ Kg6 17. Nf3 e6 18. Nc2 Nd5 19. 0-0 Bd6 20. Re1 Rhe8 21. Ne3 Ndb4 22. a3 Nd3 23. Rd1 Nf4 24. Nc4 Ne2+ 25. Kf1 Nxc1 26. Nxd6 Nb3 27. Nxe8 Nxa1 28. Nc7 Rc8 29. Nxe6 Nb3 30. d5 Nd8 31. Nf4+ Kh6 32. h4 Rc4 33. g3 Nc5 34. Nd4 Ne4 35. Nf5+ Kh7 36. Ne3 Rc7 37. Nxh5 Nd6 38. Nf4 N8f7 39. Ne6 Rc8 40. Rd4 Ne5 41. Kg2 g6 42. Ng5+ Kg7 43. Ne4 Nef7 44. Nxd6 Nxd6 45. Rd2 Re8 46. Rd3 Re7 47. f3 Kf6 48. Kf2 Rc7 49. Ng4+ Kf7 50. Rc3 Re7 51. Ne3 Kf6 52. Nc4 Nb5 53. Re3 Rc7 54. Re6+ Kf7 55. Ne5+ 1-0

[Event "EU-ch Seniors 11th"]
[Site "Courmayeur"]
[Date "2011.04.08"]
[Round "3"]
[White "Kierzek, Matthias"]
[Black "Rosino, Antonio"]
[Result "1/2-1/2"]
[WhiteElo "2135"]
[BlackElo "2233"]
[PlyCount "35"]
[EventDate "2011.04.06"]
[EventType "swiss"]
[EventRounds "9"]
[EventCountry "ITA"]
[SourceTitle "CBM 141 Extra"]
[Source "ChessBase"]
[SourceDate "2011.05.03"]
[SourceVersion "1"]
[SourceVersionDate "2011.05.03"]
[SourceQuality "1"]

1. d4 Nf6 2. c4 g6 3. Nc3 d5 4. Nf3 Bg7 5. Bg5 Ne4 6. cxd5 Nxg5 7. Nxg5 e6 8. Qd2 exd5 9. Qe3+ Kf8 10. g3 c6 11. Rd1 Qe7 12. Qc1 Bf6 13. Nf3 Kg7 14. Bg2 Bf5 15. 0-0 Nd7 16. Rfe1 Rhe8 17. Qf4 Kg8 18. h4 1/2-1/2

[Event "Wch Seniors 20th"]
[Site "Arco"]
[Date "2010.11.01"]
[Round "6"]
[White "Bogdanov, Valentin"]
[Black "Rosino, Antonio"]
[Result "1-0"]
[WhiteElo "2393"]
[BlackElo "2237"]
[PlyCount "58"]
[EventDate "2010.10.26"]
[EventType "swiss"]
[EventRounds "11"]
[EventCountry "ITA"]
[SourceTitle "EXT 2011"]
[Source "ChessBase"]
[SourceDate "2010.11.26"]
[SourceVersion "1"]
[SourceVersionDate "2010.11.26"]
[SourceQuality "1"]

1. d4 Nf6 2. c4 g6 3. g3 Bg7 4. Bg2 d5 5. cxd5 Nxd5 6. Nf3 0-0 7. 0-0 c5 8. e4 Nf6 9. e5 Nd5 10. dxc5 Nc6 11. Na3 Ndb4 12. Be3 Nd3 13. Nc4 Ncxe5 14. Nfxe5 Nxe5 15. Nxe5 Bxe5 16. Qe2 Qc7 17. Rac1 Bd7 18. Bh6 Rfe8 19. Bxb7 Qxb7 20. Qxe5 f6 21. Qe2 Qc6 22. Rfe1 e5 23. Red1 Bh3 24. f3 e4 25. Rd6 Qc7 26. Qc4+ Qf7 27. fxe4 Be6 28. Qd4 g5 29. Rf1 Red8 1-0

[Event "Wch Seniors 20th"]
[Site "Arco"]
[Date "2010.10.30"]
[Round "5"]
[White "Rosino, Antonio"]
[Black "Stull, Norbert"]
[Result "1-0"]
[WhiteElo "2237"]
[BlackElo "2110"]
[PlyCount "123"]
[EventDate "2010.10.26"]
[EventType "swiss"]
[EventRounds "11"]
[EventCountry "ITA"]
[SourceTitle "EXT 2012"]
[Source "ChessBase"]
[SourceDate "2011.11.24"]
[SourceVersion "1"]
[SourceVersionDate "2011.11.24"]
[SourceQuality "1"]

1. e4 c5 2. Nf3 e6 3. c3 Nf6 4. e5 Nd5 5. d4 cxd4 6. cxd4 b6 7. Bc4 Ba6 8. Bxa6 Nxa6 9. 0-0 Be7 10. Nbd2 0-0 11. Ne4 f5 12. exf6 gxf6 13. Re1 Kh8 14. a3 Rg8 15. Bh6 Nac7 16. Qd2 Ne8 17. Nc3 Nxc3 18. bxc3 Nd6 19. Bf4 Nc4 20. Qd3 Rc8 21. a4 Qf8 22. Nd2 Nxd2 23. Bxd2 Qg7 24. Qf3 Qg4 25. Qxg4 Rxg4 26. f3 Rg6 27. Rab1 Bd6 28. a5 Rcg8 29. Re2 Bc7 30. c4 e5 31. axb6 axb6 32. Bc3 Rc8 33. g3 d6 34. Ra2 Bd8 35. Rb4 b5 36. Rxb5 Rxc4 37. Rb8 Rxc3 38. Rxd8+ Kg7 39. Rd7+ Kh6 40. Kg2 f5 41. Raa7 Rc2+ 42. Kf1 f4 43. Rxh7+ Kg5 44. Raf7 Rf6 45. h4+ Kg6 46. Rfg7+ Kf5 47. g4+ Ke6 48. dxe5 Kxe5 49. Re7+ Kd4 50. Re4+ Kd3 51. Ra7 d5 52. Ra3+ Rc3 53. Rxc3+ Kxc3 54. Re8 d4 55. g5 Ra6 56. h5 d3 57. Rc8+ Kd4 58. h6 Ke3 59. h7 Ra1+ 60. Kg2 Ra2+ 61. Kh3 Ra1 62. h8Q 1-0

[Event "ITA-ch Seniors 32nd"]
[Site "Arvier"]
[Date "2010.04.26"]
[Round "8"]
[White "Laco, Giuseppe"]
[Black "Rosino, Antonio"]
[Result "1-0"]
[WhiteElo "2105"]
[BlackElo "2235"]
[PlyCount "87"]
[EventDate "2010.04.18"]
[EventType "swiss"]
[EventRounds "9"]
[EventCountry "ITA"]
[SourceTitle "EXT 2024"]
[Source "ChessBase"]
[SourceDate "2023.10.10"]
[SourceVersion "1"]
[SourceVersionDate "2023.10.10"]
[SourceQuality "1"]

1. c4 e5 2. e3 Nf6 3. a3 c6 4. d4 exd4 5. exd4 d5 6. c5 Bf5 7. Bd3 Bxd3 8. Qxd3 Be7 9. Nc3 0-0 10. Nge2 b6 11. b4 a5 12. Rb1 axb4 13. axb4 Re8 14. f3 Nbd7 15. 0-0 bxc5 16. bxc5 Qa5 17. Be3 Qa6 18. Qd2 Reb8 19. g4 Rxb1 20. Rxb1 Rb8 21. Rxb8+ Nxb8 22. Ng3 g6 23. h4 Nbd7 24. h5 Nf8 25. h6 Ne6 26. Nce2 Nd7 27. f4 Nef8 28. Kg2 Nf6 29. g5 Ne4 30. Nxe4 dxe4 31. Nc3 Qd3 32. Qxd3 exd3 33. Kf2 f6 34. Ke1 fxg5 35. fxg5 Kf7 36. Kd2 Ke6 37. Kxd3 Kf5 38. Ne4 Ne6 39. Nd6+ Bxd6 40. cxd6 Nf8 41. Kc4 Ke4 42. Bd2 Ne6 43. d7 Kf5 44. d5 1-0

[Event "ITA-ch Seniors 32nd"]
[Site "Arvier"]
[Date "2010.04.21"]
[Round "4"]
[White "Rosino, Antonio"]
[Black "Barlocco, Carlo"]
[Result "1/2-1/2"]
[WhiteElo "2235"]
[BlackElo "2173"]
[PlyCount "47"]
[EventDate "2010.04.18"]
[EventType "swiss"]
[EventRounds "9"]
[EventCountry "ITA"]
[SourceTitle "EXT 2024"]
[Source "ChessBase"]
[SourceDate "2023.10.10"]
[SourceVersion "1"]
[SourceVersionDate "2023.10.10"]
[SourceQuality "1"]

1. e4 Nf6 2. e5 Nd5 3. d4 d6 4. Nf3 Nb6 5. Be2 g6 6. 0-0 Bg7 7. c4 0-0 8. Bf4 Nc6 9. exd6 cxd6 10. Nc3 Bg4 11. b3 d5 12. c5 Nd7 13. Be3 Nxc5 14. Nxd5 Ne6 15. Nf4 Nxf4 16. Bxf4 Bxf3 17. Bxf3 Qxd4 18. Qxd4 Nxd4 19. Rac1 Nxf3+ 20. gxf3 Rac8 21. Rfd1 e5 22. Be3 b6 23. Rxc8 Rxc8 24. Rd7 1/2-1/2

[Event "ITA-ch Seniors 32nd"]
[Site "Arvier"]
[Date "2010.04.19"]
[Round "2"]
[White "Rosino, Antonio"]
[Black "Giani, Franco"]
[Result "1-0"]
[WhiteElo "2235"]
[BlackElo "1985"]
[PlyCount "59"]
[EventDate "2010.04.18"]
[EventType "swiss"]
[EventRounds "9"]
[EventCountry "ITA"]
[SourceTitle "EXT 2024"]
[Source "ChessBase"]
[SourceDate "2023.10.10"]
[SourceVersion "1"]
[SourceVersionDate "2023.10.10"]
[SourceQuality "1"]

1. e4 c5 2. Nf3 g6 3. c3 Bg7 4. d4 cxd4 5. cxd4 d6 6. Nc3 a6 7. a4 Nf6 8. h3 0-0 9. Be2 Bd7 10. e5 Ne8 11. Bf4 Nc6 12. 0-0 Rc8 13. Re1 Qa5 14. Bf1 Qd8 15. Qb3 dxe5 16. dxe5 Na5 17. Qb4 e6 18. Rad1 Qc7 19. Rxd7 Qxd7 20. Qxa5 Nc7 21. Rd1 Qe8 22. Be3 f6 23. Bc5 Rf7 24. Ne4 Qc6 25. Nd6 Rd8 26. Nd4 Qd7 27. Nxf7 Qxf7 28. Bd6 fxe5 29. Qxc7 Qxc7 30. Bxc7 1-0

[Event "EU-chT Seniors 12th"]
[Site "Dresden"]
[Date "2010.02.15"]
[Round "6"]
[White "Rosino, Antonio"]
[Black "Havansi, Erkki ET"]
[Result "1/2-1/2"]
[WhiteElo "2245"]
[BlackElo "2240"]
[PlyCount "37"]
[EventDate "2010.02.10"]
[EventType "team-swiss"]
[EventRounds "9"]
[EventCountry "GER"]
[SourceTitle "CBM 134 Extra"]
[Source "ChessBase"]
[SourceDate "2010.03.03"]
[SourceVersion "1"]
[SourceVersionDate "2010.03.03"]
[SourceQuality "1"]
[WhiteTeam "Italy (Seniors)"]
[BlackTeam "Finland (Seniors)"]
[WhiteTeamCountry "ITA"]
[BlackTeamCountry "FIN"]

1. e4 c5 2. Nf3 e6 3. c3 Nf6 4. e5 Nd5 5. d4 cxd4 6. cxd4 b6 7. Nc3 Bb7 8. Bd3 Be7 9. Qe2 Nxc3 10. bxc3 0-0 11. 0-0 d6 12. Bf4 dxe5 13. Nxe5 Nd7 14. Qh5 g6 15. Qh3 Nxe5 16. Bxe5 Bf6 17. Rfe1 Rc8 18. Rac1 Qe7 19. Qg3 1/2-1/2